000 00657nam a2200193 a 4500
001 000666289
003 AM-YeHGA
005 20250617141802.0
008 090612s1964 ||| r 000 0 rus d
040 _aAM-YeHGA
041 0 _arus
100 1 _aГоловин, Юлий Михайлович
245 1 0 _aМарокко /
_cЮ. Головин.
260 _aМосква :
_bМысль,
_c1964.
300 _a183 с. :
_bил.
440 0 _aСоциально-экономические проблемы развивающихся стран
653 0 _aРазвивающиеся страны - Марокко - История
090 _c246845
999 _c245259
_d245259